[Event "Syre Memorial op 13th"]
[Site "Issy les Moulineaux"]
[Date "1990.04.??"]
[Round "?"]
[White "Lefik, V."]
[Black "Ducic, Bogdan"]
[Result "0-1"]
[WhiteElo "1900"]
[BlackElo "2280"]
[PlyCount "48"]
[EventDate "1990.04.??"]
[EventType "swiss"]
[EventRounds "6"]
[EventCountry "FRA"]
[SourceTitle "EXT 2007"]
[Source "ChessBase"]
[SourceDate "2006.11.23"]
[SourceVersion "1"]
[SourceVersionDate "2006.11.23"]
[SourceQuality "1"]

1. e4 c5 2. Nf3 e6 3. d4 cxd4 4. Nxd4 a6 5. c4 Nf6 6. f3 Qc7 7. Nc3 Bc5 8. Be3 0-0 9. Qd2 d5 10. exd5 exd5 11. cxd5 Re8 12. Be2 Qe5 13. Bf2 Nxd5 14. Nxd5 Qxd5 15. 0-0 Bxd4 16. Bxd4 Rxe2 17. Qxe2 Qxd4+ 18. Kh1 Be6 19. Rad1 Qf6 20. Qe5 Qe7 21. Rfe1 Nc6 22. Qf4 Re8 23. Re2 h6 24. Red2 Bxa2 0-1